00477nam a2200169Ia 4500020001800000082001600018245003900034260003700073300001500110504001900125650002900144650002600173650002500199650003600224700002300260700002400283 a0-202-90028-2 a306.43 ANT; 0aAnthropological study of education aChicagobMouton Publishersc1976 axii, 360p. aIncludes index aEducational anthropology aEducational sociology aEducational planning aEducation - Aims and objectives aCalhoun, Craig J.  aFrancis A.J., Ianni